00531nam a22001577a 450000500170000001000150001702000260003203500130005803700130007108200160008410000240010024500810012426000430020527001030024830000220035120140314125444.0 aENG-109448 c265.00a9789350351949 aEN-92981 bDBAD/PUB a347.5414092 aKrishna Iyer, V.R. 00aUnspeakable anecdotes :cby V.R. Krishna Iyerbmy life, judiciary and more / aDelhibUniversal Law Publishing c2012 aC-FF-1A, Dilkhush Industrial Estate, (Near Azadpur Metro Station) G.T. Karnal Road,bDelhie110033 av,119p.c25cm(Hb)